Statistiche per Riconosci la Squadra di calcio - Quiz n°99

Clicka qui per fare il quiz!

Statistiche generali

  • Questo quiz è stato fatto 9 volte
  • Il punteggio medio è 9 su 15

Statistiche sulle risposte

IndizioRisposta% Corretto
SimboliLeone rampante
100%
Colori socialiRosso, blu
100%
Divisione nazionale 2023-2024Terza
100%
Titoli nazionali0
86%
Trofei nazionali0
86%
ConfederazioneUEFA
86%
Trofei internazionali0
43%
Fondazione1920
43%
Rifondazione1986
43%
Rifondazione1994
43%
Rifondazione2004
43%
Rifondazione2012
43%
Rifondazione2013
43%
Capienza Stadio4 977 posti
43%
SquadraPotenza
0%

Distribuzione punteggi

Percentile per numero di risposta

Percentuale di utenti per punteggio

I tuoi punteggi nel tempo

Non hai fatto questo quiz